|
|
|
|
| LEADER |
00926nam a22002652a 4500 |
| 001 |
001421141 |
| 003 |
CZ BrMZK |
| 005 |
20140918115559.0 |
| 007 |
ta |
| 008 |
140918s1945 xr er|||||||||||cze d |
| 015 |
|
|
|a cnb000498945
|
| 020 |
|
|
|q (Váz.)
|
| 035 |
|
|
|a (OCoLC)85299249
|
| 040 |
|
|
|a ABA001
|b cze
|c ABA001
|d ABA001
|d BOA001
|
| 041 |
1 |
|
|a cze
|h ger
|
| 100 |
1 |
|
|a Knittel, John,
|d 1891-1970
|7 jo20010093671
|4 aut
|
| 245 |
1 |
0 |
|a Hakim :
|b román egyptského lékaře /
|c John Knittel ; [přeložil Jaroslav Dlouhý]
|
| 260 |
|
|
|a Praha :
|b Ferdinand Holas,
|c 1945
|
| 300 |
|
|
|a 313 s. ;
|c 21 cm
|
| 500 |
|
|
|a Přeloženo z němčiny
|
| 856 |
4 |
1 |
|u http://www.digitalniknihovna.cz/mzk/uuid/uuid:06fba960-b2e4-11e2-b6da-005056827e52
|y Digitalizovaný dokument
|x NDK
|
| 910 |
|
|
|a BOA001
|b 2-0401.711
|
| 990 |
|
|
|a BK
|
| 991 |
|
|
|b 201409
|
| 996 |
6 |
|
|b 2619131947
|c 2-0401.711
|l MZK
|r Sklad / do 24 hodin
|n 0
|w 001456208
|u 000010
|a 1
|e BOA001
|j MZK50
|s P
|